00550nam a22001457a 4500003000400000005001700004008004100021040001400062100002200076245014200098260000900240300002900249500010000278504002600378OSt20171010095437.0120522t xxu||||| |||| 00| 0 eng d aMMSUcULS aGaoat, Cecile A.  aEvaluation of bacterial strains isolated from the cow cud for the degradation of sweet sorghum (Sorghum bicolor) bagassecCecile A. Gaoat c2007 axiii, 43 leaves c28 cm. aThesis (BS Biology) -- Mariano Marcos State University-College of Arts and Sciences, Batac City aBibliography: leaf 32